Statistics for Most Populous 5 Letter Cities In The Americas

Click here to take the quiz!

General Stats

  • This quiz has been taken 39 times
  • The average score is 3 of 10

Answer Stats

popAnswer% Correct
413000Miami
92%
1.6 millQuito
69%
835000La Paz
47%
1.3 millBelem
36%
421000Omaha
36%
803000Natal
25%
532000Salta
8%
406000Serra
6%
412000Bello
3%
401000Laval
3%

Score Distribution

Percentile by Number Answered

Percent of People with Each Score

Your Score History

You have not taken this quiz